A history of the Habsburg empire 1526-1918 /

Hlavní autor: Kann, Robert A., 1906-1981
Jazyk: Angličtina
Vydáno: Berkley : University of California Press, 1974
Fyzický popis: 14, 646 s.
Knihy
Uloženo v:
LEADER 00620nam a22001932a 4500
001 000236781
003 CZ BrMZK
005 20210106115120.0
007 ta
008 950101s1974 xxk f eng d
040 |a BOA001  |b cze  |e aacr2 
100 1 |a Kann, Robert A.,  |d 1906-1981  |7 jx20041115002  |4 aut 
245 1 2 |a A history of the Habsburg empire 1526-1918 /  |c Robert A. Kann 
260 |a Berkley :  |b University of California Press,  |c 1974 
300 |a 14, 646 s. 
910 |a BOA001  |b 3-0751.777 
990 |a BK 
991 |b 202009 
996 7 |b 2619896047  |c 3-0751.777  |l MZK  |r Sklad / do 1 hodiny  |n 19  |w 000236781  |u 000010  |a 1  |e BOA001  |j MZK50  |s A